|
|
|
|
| LEADER |
00000nab a2200000 a 4500 |
| 001 |
vtls009008407 |
| 003 |
SK-MaSNL |
| 005 |
20260303065519.0 |
| 008 |
140301c20070112xo dr|p|||||||000 b|slo |
| 015 |
|
|
|a SNBRB2007/07
|2 snkbucl
|
| 038 |
|
|
|a SNKBUCL
|
| 040 |
|
|
|a SNKBUCL
|b slo
|c SNKBUCL
|e AACR2
|
| 041 |
0 |
|
|a slo
|
| 044 |
|
|
|a xo
|c SK
|
| 080 |
|
|
|a 336.748
|x (437.6)
|2 2001
|
| 100 |
1 |
|
|a Szabó, Ivan
|4 aut
|9 324273
|
| 245 |
1 |
0 |
|a Prisilná mena môže byť prekážkou
|b centrálna banka sa stále snyží držať jej opraty
|c Ivan Szabó
|
| 300 |
|
|
|b Graf
|
| 650 |
0 |
7 |
|a slovenská mena
|2 snkbucl
|9 770299
|
| 650 |
0 |
7 |
|a devízové kurzy
|2 snkbucl
|9 2129
|
| 773 |
0 |
|
|t Hospodárske noviny
|g Roč. XV., č. 9 (12.-14.1.2007)
|x 1335-4701
|
| 773 |
0 |
8 |
|t Finančné noviny
|g Č. 9 (12.-14.1.2007), s. [17]
|
| 852 |
|
|
|a SNK
|b KIS3GCP
|
| 958 |
|
|
|a SK
|
| 999 |
|
|
|c 1751498
|d 1753428
|